[Event "Potiguar-ch (Women)"]
[Site "Natal"]
[Date "2014.01.23"]
[Round "1"]
[White "Pinheiro, Ariana Hayelly Maci"]
[Black "Da Silva, Kemmely Yasmin"]
[Result "0-1"]
[WhiteElo "1773"]
[BlackElo "1761"]
[PlyCount "128"]
[EventDate "2014.01.23"]
[EventType "swiss"]
[EventRounds "6"]
[EventCountry "BRA"]
[SourceTitle "EXT 2015"]
[Source "ChessBase"]
[SourceDate "2014.11.20"]
[SourceVersion "1"]
[SourceVersionDate "2014.11.20"]
[SourceQuality "1"]

1. d4 Nf6 2. c4 d5 3. c5 Nc6 4. Nf3 Bg4 5. e3 e5 6. h3 Bxf3 7. Qxf3 exd4 8. exd4 Nxd4 9. Qe3+ Qe7 10. Qxe7+ Bxe7 11. Bd3 0-0 12. b4 Nc6 13. a3 Ne5 14. Be2 Nc6 15. 0-0 Nd4 16. Nc3 c6 17. Be3 Nc2 18. Ra2 Nxe3 19. fxe3 b6 20. Na4 bxc5 21. bxc5 Ne4 22. Rc1 Bg5 23. Re1 Bxe3+ 24. Kh1 Ng3+ 25. Kh2 Bf4 26. Kg1 Rae8 27. Kf2 Ne4+ 28. Kf1 Bg3 29. Rd1 Re6 30. Bg4 Rf6+ 31. Bf3 Ng5 32. Rd3 Re8 33. Ra1 Rfe6 34. Rdd1 Nxf3 35. gxf3 Re2 36. Nc3 Rf2+ 37. Kg1 Rxf3 38. Rdc1 Ree3 39. Nb1 Bf2+ 40. Kg2 Bh4 41. Nd2 Rf2+ 42. Kg1 Ree2 43. Rab1 Rg2+ 44. Kh1 Bg3 45. Nf3 Ref2 46. Rg1 Rxg1+ 47. Kxg1 Rxf3 48. Rb7 Rxa3 49. Rd7 g6 50. Rd8+ Kg7 51. Rc8 Ra6 52. Kg2 Be5 53. Kf3 Bd4 54. Ke2 Bxc5 55. Kd3 Ra4 56. Rxc6 Bb6 57. Rd6 Rd4+ 58. Kc3 Kh6 59. Rd7 f5 60. Re7 Rc4+ 61. Kd3 f4 62. Re5 Rd4+ 63. Ke2 Re4+ 64. Rxe4 dxe4 0-1

[Event "Potiguar-ch"]
[Site "Natal"]
[Date "2013.10.05"]
[Round "8"]
[White "Da Silva, Kemmely Yasmin"]
[Black "Mendes, Kerolayne Iorrara A"]
[Result "1/2-1/2"]
[WhiteElo "1800"]
[BlackElo "1800"]
[PlyCount "54"]
[EventDate "2013.09.27"]
[EventType "swiss"]
[EventRounds "9"]
[EventCountry "BRA"]
[SourceTitle "EXT 2015"]
[Source "ChessBase"]
[SourceDate "2014.11.20"]
[SourceVersion "1"]
[SourceVersionDate "2014.11.20"]
[SourceQuality "1"]

1. e4 e5 2. Nf3 d5 3. Nxe5 dxe4 4. d3 exd3 5. Nxd3 Qe7+ 6. Be3 g6 7. Nc3 c6 8. Be2 Bg7 9. 0-0 Nf6 10. Bg5 0-0 11. Re1 Qd8 12. Bf3 Bf5 13. h3 Bxd3 14. Qxd3 Qxd3 15. cxd3 Nbd7 16. Rad1 Rac8 17. Ne4 Nxe4 18. dxe4 Nf6 19. Bxf6 Bxf6 20. b3 Bc3 21. Re2 Rcd8 22. Rxd8 Rxd8 23. Bg4 Rd2 24. Rxd2 Bxd2 25. f3 a5 26. Bc8 b6 27. Bb7 c5 1/2-1/2

[Event "Potiguar-ch"]
[Site "Natal"]
[Date "2013.09.28"]
[Round "3"]
[White "Da Silva, Kemmely Yasmin"]
[Black "Andrade, Joanderson Muller L"]
[Result "1/2-1/2"]
[WhiteElo "1800"]
[BlackElo "1800"]
[PlyCount "84"]
[EventDate "2013.09.27"]
[EventType "swiss"]
[EventRounds "9"]
[EventCountry "BRA"]
[SourceTitle "EXT 2015"]
[Source "ChessBase"]
[SourceDate "2014.11.20"]
[SourceVersion "1"]
[SourceVersionDate "2014.11.20"]
[SourceQuality "1"]

1. e4 e5 2. Nf3 Nc6 3. Nc3 Bc5 4. a3 Nf6 5. d3 Ng4 6. Be3 Bxe3 7. fxe3 Nxe3 8. Qe2 Ng4 9. h3 Nf6 10. 0-0-0 0-0 11. d4 exd4 12. Nxd4 Nxd4 13. Rxd4 c6 14. e5 Re8 15. g4 d6 16. Qh2 Nd7 17. Rxd6 Qg5+ 18. Qd2 Qxd2+ 19. Rxd2 Nxe5 20. Bg2 f5 21. gxf5 Bxf5 22. Rf2 Be6 23. Ne4 Bb3 24. Nd6 Re7 25. Rd1 Bf7 26. Nf5 Rd7 27. Rxd7 Nxd7 28. Nd6 Bh5 29. Nxb7 Rb8 30. Bxc6 Ne5 31. Bd5+ Nf7 32. Nd6 Rf8 33. Bxf7+ Bxf7 34. Nxf7 Rxf7 35. Rxf7 Kxf7 36. Kd2 Ke6 37. c4 g5 38. b4 h5 39. c5 Kd5 40. Ke3 g4 41. h4 a5 42. Kf4 Kc6 1/2-1/2

[Event "Natal Potiguar op"]
[Site "Natal"]
[Date "2013.07.05"]
[Round "1"]
[White "Da Silva, Kemmely Yasmin"]
[Black "Albuquerque, Rafael Anderson"]
[Result "0-1"]
[WhiteElo "1800"]
[BlackElo "2001"]
[PlyCount "62"]
[EventDate "2013.07.05"]
[EventType "swiss"]
[EventRounds "6"]
[EventCountry "BRA"]
[SourceTitle "EXT 2014"]
[Source "ChessBase"]
[SourceDate "2013.11.20"]
[SourceVersion "1"]
[SourceVersionDate "2013.11.20"]
[SourceQuality "1"]

1. e4 e5 2. Nf3 Nc6 3. d3 Bc5 4. Be2 Nge7 5. 0-0 d5 6. exd5 Nxd5 7. Bd2 Bf5 8. h3 Qd7 9. Ng5 0-0-0 10. a3 f6 11. Ne4 Bb6 12. h4 Nd4 13. Bf3 Nf4 14. Nbc3 h5 15. b4 Bg4 16. Bxg4 hxg4 17. g3 Nh5 18. Rb1 g5 19. hxg5 Nxg3 20. Nxf6 Nf3+ 21. Kg2 Nf5 22. Rh1 Qc6 23. Nce4 Rxh1 24. Qxh1 Nxd2 25. Rd1 Nf3 26. g6 N3h4+ 27. Kf1 g3 28. Qh3 Qxc2 29. Rd2 g2+ 30. Kg1 Qc1+ 31. Kh2 Qh1# 0-1